[Event "Gibraltar ChallWk2 12th"]
[Site "Gibraltar"]
[Date "2014.02.03"]
[Round "3.27"]
[White "Dasaolu, Rotimi"]
[Black "Othman, Mustapha"]
[Result "0-1"]
[WhiteElo "2077"]
[BlackElo "1897"]
[PlyCount "92"]
[EventDate "2014.02.01"]
[EventType "swiss"]
[EventRounds "5"]
[EventCountry "GGB"]
[SourceTitle "BritBase"]
[Source "www.saund.co.uk"]
[SourceDate "2018.02.10"]
[SourceVersion "1"]
[SourceVersionDate "2018.02.10"]
[SourceQuality "1"]

1. e4 c5 2. Nf3 d6 3. Bb5+ Nc6 4. c3 Qa5 5. Qe2 Bd7 6. O-O Nf6 7. Bxc6 Bxc6 8.
e5 Ng4 9. e6 fxe6 10. Ng5 Ne5 11. Nxe6 Kd7 12. Re1 Qb5 13. d3 Nxd3 14. Na3 Qa6
15. Qg4 h5 16. Nxc5+ Kd8 17. Ne6+ Kc8 18. Qf5 g6 19. Qf7 Nxe1 20. Bg5 Qe2 21.
Nxf8 Rxf8 22. Qxf8+ Kd7 23. Qxe7+ Qxe7 24. Bxe7 Nxg2 25. Bg5 Re8 26. Rd1 Bf3
27. Rc1 h4 28. h3 Re5 29. Bh6 Rh5 30. Bd2 Rd5 31. Bh6 g5 32. Nc2 Nf4 33. Nd4
Rxd4 34. cxd4 Ne2+ 35. Kf1 Nxc1 36. Bxg5 Nxa2 37. Bxh4 Nb4 38. Bg5 Nd3 39. b3
b5 40. Bd2 Ke6 41. Kg1 Kd5 42. h4 Kxd4 43. Be3+ Kc3 44. Bxa7 Kxb3 45. Kh2 Kc4
46. Kg3 Bh5 0-1

[Event "Gibraltar ChallWk2 12th"]
[Site "Gibraltar"]
[Date "2014.02.03"]
[Round "3.29"]
[White "Mortensen, Henrik"]
[Black "Schouten, Freek"]
[Result "1/2-1/2"]
[WhiteElo "1946"]
[BlackElo "2068"]
[PlyCount "103"]
[EventDate "2014.02.01"]
[EventType "swiss"]
[EventRounds "5"]
[EventCountry "GGB"]
[SourceTitle "BritBase"]
[Source "www.saund.co.uk"]
[SourceDate "2018.02.10"]
[SourceVersion "1"]
[SourceVersionDate "2018.02.10"]
[SourceQuality "1"]

1. Nf3 d5 2. d4 Nf6 3. e3 c6 4. Bd3 Nbd7 5. Nbd2 e6 6. O-O Bd6 7. c3 O-O 8. e4
dxe4 9. Nxe4 Nxe4 10. Bxe4 Nf6 11. Bc2 h6 12. Re1 c5 13. Be3 b6 14. Qd2 Re8 15.
Rad1 Bf8 16. Ne5 Qc7 17. Qd3 g6 18. Bf4 Bb7 19. Nxg6 Qc6 20. f3 fxg6 21. Qxg6+
Bg7 22. Be5 Rf8 23. Re4 Qe8 24. Qxe8 Raxe8 25. Re2 cxd4 26. Rxd4 Kf7 27. Bd6
Rg8 28. Ra4 a5 29. Rf4 b5 30. a4 Bc6 31. Bc7 bxa4 32. Bxa4 Bxa4 33. Rxa4 Nd5
34. Bxa5 Ra8 35. c4 Ne7 36. b4 Nc6 37. Rea2 Bc3 38. Bb6 Rxa4 39. Rxa4 Bxb4 40.
Be3 h5 41. Ra6 Rc8 42. Kf2 Ne7 43. g4 hxg4 44. fxg4 Rxc4 45. h3 Bc5 46. Bxc5
Rxc5 47. Ra3 Ng6 48. Kg3 Rc4 49. Rf3+ Ke7 50. Re3 e5 51. h4 Kf6 52. Rf3+
1/2-1/2

[Event "Gibraltar ChallWk2 12th"]
[Site "Gibraltar"]
[Date "2014.02.03"]
[Round "3.30"]
[White "Verneuil, Pascal"]
[Black "Krokay, Urszula"]
[Result "1/2-1/2"]
[WhiteElo "2065"]
[BlackElo "1926"]
[PlyCount "80"]
[EventDate "2014.02.01"]
[EventType "swiss"]
[EventRounds "5"]
[EventCountry "GGB"]
[SourceTitle "BritBase"]
[Source "www.saund.co.uk"]
[SourceDate "2018.02.10"]
[SourceVersion "1"]
[SourceVersionDate "2018.02.10"]
[SourceQuality "1"]

1. e4 e5 2. Nf3 Nc6 3. Bb5 a6 4. Bxc6 dxc6 5. d3 Qf6 6. Be3 Bd7 7. Nbd2 Ne7 8.
O-O Ng6 9. d4 exd4 10. Bxd4 Qd6 11. Nc4 Qf4 12. g3 Qg4 13. Nfe5 Nxe5 14. Nxe5
Qxd1 15. Raxd1 Be6 16. Kg2 O-O-O 17. b3 f6 18. Nf3 Be7 19. Ba1 Bg4 20. h3 Bh5
21. Rxd8+ Rxd8 22. Nd4 Bg6 23. Re1 Bb4 24. Re2 Re8 25. c3 Bd6 26. Kf3 c5 27.
Nf5 Bxf5 28. exf5 Rxe2 29. Kxe2 c4 30. bxc4 Ba3 31. Kd3 Kd7 32. f4 Kd6 33. Kd4
Bc5+ 34. Ke4 Bf2 35. g4 Kc5 36. Kd3 Bg3 37. Bb2 Bxf4 38. Ba3+ Kc6 39. Bf8 g6
40. fxg6 hxg6 1/2-1/2

[Event "Gibraltar ChallWk2 12th"]
[Site "Gibraltar"]
[Date "2014.02.03"]
[Round "3.31"]
[White "Diaz Montenegro, Ignacio"]
[Black "Brokko, Margit"]
[Result "1-0"]
[WhiteElo "1924"]
[BlackElo "2058"]
[PlyCount "57"]
[EventDate "2014.02.01"]
[EventType "swiss"]
[EventRounds "5"]
[EventCountry "GGB"]
[SourceTitle "BritBase"]
[Source "www.saund.co.uk"]
[SourceDate "2018.02.10"]
[SourceVersion "1"]
[SourceVersionDate "2018.02.10"]
[SourceQuality "1"]

1. c4 e5 2. Nc3 Nc6 3. Nf3 g6 4. d4 Bg7 5. d5 Nce7 6. e4 d6 7. Be2 f5 8. O-O
Nf6 9. Qa4+ Bd7 10. Qb3 fxe4 11. Ng5 Bf5 12. Ne6 Bxe6 13. dxe6 Rb8 14. Qa4+ Nc6
15. Bg5 h6 16. Bxf6 Qxf6 17. Nd5 Qd8 18. f4 O-O 19. fxe5 Nxe5 20. e7 Rxf1+ 21.
Rxf1 Qe8 22. Rf8+ Bxf8 23. Nf6+ Kf7 24. Nxe8 Bxe7 25. Nxc7 Nc6 26. Qb5 e3 27.
Qd5+ Kg7 28. Qe4 Bf6 29. Ne8+ 1-0

[Event "Gibraltar ChallWk2 12th"]
[Site "Gibraltar"]
[Date "2014.02.03"]
[Round "3.32"]
[White "Isherwood, Paul"]
[Black "Haddock, Paul"]
[Result "1-0"]
[WhiteElo "2009"]
[BlackElo "1649"]
[PlyCount "73"]
[EventDate "2014.02.01"]
[EventType "swiss"]
[EventRounds "5"]
[EventCountry "GGB"]
[SourceTitle "BritBase"]
[Source "www.saund.co.uk"]
[SourceDate "2018.02.10"]
[SourceVersion "1"]
[SourceVersionDate "2018.02.10"]
[SourceQuality "1"]

1. e4 c5 2. Nf3 d6 3. c3 Nc6 4. d4 cxd4 5. cxd4 g6 6. h3 Bg7 7. Nc3 Nf6 8. Bd3
O-O 9. O-O Bd7 10. Qe2 e5 11. dxe5 dxe5 12. Bg5 Qa5 13. Bd2 Nd4 14. Nxd4 exd4
15. Nd5 Qd8 16. Bg5 h6 17. Nxf6+ Bxf6 18. Bxh6 Bg7 19. Bxg7 Kxg7 20. Rad1 Qf6
21. Bc4 Rh8 22. Rd3 Qh4 23. Rf3 Raf8 24. Qd3 Bc6 25. Qxd4+ Kg8 26. Re1 a6 27.
Rf6 Rh6 28. Rf3 Qe7 29. Bb3 Rh7 30. Qf6 Qxf6 31. Rxf6 Rd8 32. Bd5 Bxd5 33. Rd1
Kg7 34. Rb6 Rhh8 35. exd5 Rd7 36. Kf1 Rhd8 37. Ke2 1-0

[Event "Gibraltar ChallWk2 12th"]
[Site "Gibraltar"]
[Date "2014.02.03"]
[Round "3.34"]
[White "Rios Gonzalez, Jose Antonio"]
[Black "Brown, David"]
[Result "0-1"]
[WhiteElo "1912"]
[BlackElo "1968"]
[PlyCount "54"]
[EventDate "2014.02.01"]
[EventType "swiss"]
[EventRounds "5"]
[EventCountry "GGB"]
[SourceTitle "BritBase"]
[Source "www.saund.co.uk"]
[SourceDate "2018.02.10"]
[SourceVersion "1"]
[SourceVersionDate "2018.02.10"]
[SourceQuality "1"]

1. e4 e5 2. Nf3 Nc6 3. Bb5 d6 4. c3 Bd7 5. d3 Nf6 6. Nbd2 g6 7. Nf1 Bg7 8. Ng3
O-O 9. O-O Qe7 10. Ba4 h6 11. Bc2 Kh7 12. a3 Rae8 13. d4 Bg4 14. d5 Nb8 15. Be3
a6 16. h3 Bc8 17. Nd2 Nbd7 18. c4 Ng8 19. b4 h5 20. Rb1 Bh6 21. f4 exf4 22.
Bxf4 Bxf4 23. Rxf4 Qg5 24. Qf3 Ne5 25. Qf2 Nh6 26. Ne2 Bxh3 27. Nd4 Bxg2 0-1

[Event "Gibraltar ChallWk2 12th"]
[Site "Gibraltar"]
[Date "2014.02.03"]
[Round "3.35"]
[White "Georgieva, Emilia"]
[Black "Nejanky, Maisa"]
[Result "0-1"]
[WhiteElo "1933"]
[BlackElo "2040"]
[PlyCount "88"]
[EventDate "2014.02.01"]
[EventType "swiss"]
[EventRounds "5"]
[EventCountry "GGB"]
[SourceTitle "BritBase"]
[Source "www.saund.co.uk"]
[SourceDate "2018.02.10"]
[SourceVersion "1"]
[SourceVersionDate "2018.02.10"]
[SourceQuality "1"]

1. d4 Nf6 2. Nf3 e6 3. c3 b6 4. Bg5 Bb7 5. Nbd2 d5 6. e3 Be7 7. Bd3 Nbd7 8. Qa4
a6 9. a3 O-O 10. Ne5 b5 11. Qc2 h6 12. h4 c5 13. Nxd7 Nxd7 14. Bxe7 Qxe7 15. f4
Rac8 16. Qd1 cxd4 17. exd4 Rfe8 18. Qe2 Qf6 19. Qf2 Qe7 20. Kf1 Qd6 21. Re1 f6
22. Rh3 e5 23. Bg6 Re7 24. Rhe3 e4 25. f5 a5 26. g4 Nf8 27. Bh5 b4 28. axb4
axb4 29. Kg2 bxc3 30. bxc3 Rec7 31. Nb1 Nh7 32. Kh3 Ba6 33. Bg6 Nf8 34. Rc1 Bd3
35. Qd2 Rb7 36. Rxd3 exd3 37. Qxd3 Rb2 38. Nd2 Qf4 39. Rd1 Nxg6 40. fxg6 Re8
41. Nf1 Rh2+ 42. Nxh2 Re3+ 43. Qxe3 Qxe3+ 44. Kg2 Qe2+ 0-1

[Event "Gibraltar ChallWk2 12th"]
[Site "Gibraltar"]
[Date "2014.02.03"]
[Round "3.36"]
[White "Edakina, Anastasia"]
[Black "Andersen, Daniel"]
[Result "1/2-1/2"]
[WhiteElo "1756"]
[BlackElo "1964"]
[PlyCount "105"]
[EventDate "2014.02.01"]
[EventType "swiss"]
[EventRounds "5"]
[EventCountry "GGB"]
[SourceTitle "BritBase"]
[Source "www.saund.co.uk"]
[SourceDate "2018.02.10"]
[SourceVersion "1"]
[SourceVersionDate "2018.02.10"]
[SourceQuality "1"]

1. e4 c5 2. Nf3 d6 3. d4 cxd4 4. Nxd4 Nf6 5. Nc3 g6 6. Bb5+ Bd7 7. Bxd7+ Qxd7
8. O-O Bg7 9. Be3 Nc6 10. f3 O-O 11. Qd2 Na5 12. b3 Nc6 13. Nd5 Nxd5 14. exd5
Nxd4 15. Bxd4 b5 16. Bxg7 Kxg7 17. a4 a6 18. axb5 axb5 19. Qd4+ Kg8 20. c4 bxc4
21. bxc4 Rfc8 22. Rxa8 Rxa8 23. Ra1 Rxa1+ 24. Qxa1 Qc7 25. Qa8+ Kg7 26. Qa1+ f6
27. Qd4 Qa5 28. Kf1 Qa2 29. Qe4 Kf8 30. Qe2 Qa1+ 31. Kf2 Qd4+ 32. Kf1 f5 33. g4
Qf4 34. Kg2 Qg5 35. h3 Qf4 36. Qd3 Qe5 37. gxf5 gxf5 38. Qc2 Qg7+ 39. Kf2 Qg5
40. Qc3 h5 41. Qh8+ Kf7 42. Qh7+ Ke8 43. Qh8+ Kd7 44. Qd4 h4 45. Qa7+ Ke8 46.
Qb8+ Kf7 47. Qc8 Qg3+ 48. Ke2 Qxh3 49. Qe6+ Kf8 50. Qh6+ Ke8 51. Qg6+ Kd8 52.
Qg8+ Kc7 53. Qe6 {unable to read remaining moves} 1/2-1/2

[Event "Gibraltar ChallWk2 12th"]
[Site "Gibraltar"]
[Date "2014.02.03"]
[Round "3.37"]
[White "Tarr, Steve F"]
[Black "Romero Valencia, Fernando"]
[Result "1/2-1/2"]
[WhiteElo "1753"]
[BlackElo "1960"]
[PlyCount "73"]
[EventDate "2014.02.01"]
[EventType "swiss"]
[EventRounds "5"]
[EventCountry "GGB"]
[SourceTitle "BritBase"]
[Source "www.saund.co.uk"]
[SourceDate "2018.02.10"]
[SourceVersion "1"]
[SourceVersionDate "2018.02.10"]
[SourceQuality "1"]

1. d4 Nf6 2. Bf4 d6 3. e3 g6 4. Nf3 Bg7 5. Be2 Nbd7 6. h3 c6 7. O-O Qb6 8. Qc1
O-O 9. Nbd2 Re8 10. c3 e5 11. dxe5 dxe5 12. Bh2 Nd5 13. Rd1 Nxe3 14. Re1 Nf5
15. Nc4 Qc5 16. b4 Qe7 17. Bd3 f6 18. Qc2 Nb6 19. Rad1 Nxc4 20. Bxc4+ Be6 21.
Qb3 Qf7 22. Bxe6 Qxe6 23. Qxe6+ Rxe6 24. g4 Nh6 25. g5 Nf7 26. gxf6 Bxf6 27.
Rd7 b6 28. Nd4 Re7 29. Rxe7 Bxe7 30. Nxc6 Bd6 31. Kf1 Rc8 32. Nxa7 Rxc3 33. Nb5
Rxh3 34. Kg2 Rd3 35. Nxd6 Rxd6 36. Bxe5 Re6 37. Bc3 1/2-1/2

[Event "Gibraltar ChallWk2 12th"]
[Site "Gibraltar"]
[Date "2014.02.03"]
[Round "3.38"]
[White "Lochte, Szilvia"]
[Black "Sevillano Garcia, Joaquin"]
[Result "1/2-1/2"]
[WhiteElo "1952"]
[BlackElo "1914"]
[PlyCount "78"]
[EventDate "2014.02.01"]
[EventType "swiss"]
[EventRounds "5"]
[EventCountry "GGB"]
[SourceTitle "BritBase"]
[Source "www.saund.co.uk"]
[SourceDate "2018.02.10"]
[SourceVersion "1"]
[SourceVersionDate "2018.02.10"]
[SourceQuality "1"]

1. d4 Nf6 2. Nf3 g6 3. Bg5 Bg7 4. Nbd2 d5 5. e3 O-O 6. h3 Nbd7 7. Bd3 c5 8. c3
b6 9. O-O Bb7 10. Re1 Ne4 11. Bf4 f6 12. Nxe4 dxe4 13. Bc4+ Kh8 14. Nd2 e5 15.
Bh2 Qe7 16. Qc2 f5 17. Rad1 cxd4 18. exd4 exd4 19. cxd4 Nf6 20. Nf3 b5 21. Bb3
Rfc8 22. Qe2 Qb4 23. Ng5 Bd5 24. Bxd5 Nxd5 25. Nf7+ Kg8 26. Nd6 Rc6 27. a3 Qb3
28. Be5 Bh6 29. Qxb5 Qxb5 30. Nxb5 Rc2 31. Nc3 Rd8 32. Na4 Rdc8 33. Kf1 Kf7 34.
Re2 e3 35. Rde1 Rxe2 36. Rxe2 Rc1+ 37. Re1 Rc2 38. Re2 Rc1+ 39. Re1 Rc2 1/2-1/2

[Event "Gibraltar ChallWk2 12th"]
[Site "Gibraltar"]
[Date "2014.02.03"]
[Round "3.39"]
[White "Tortolero, Cesar"]
[Black "Savage, Neil"]
[Result "1-0"]
[WhiteElo "1952"]
[BlackElo "1625"]
[PlyCount "89"]
[EventDate "2014.02.01"]
[EventType "swiss"]
[EventRounds "5"]
[EventCountry "GGB"]
[SourceTitle "BritBase"]
[Source "www.saund.co.uk"]
[SourceDate "2018.02.10"]
[SourceVersion "1"]
[SourceVersionDate "2018.02.10"]
[SourceQuality "1"]

1. d4 d5 2. Nf3 Nf6 3. c4 c6 4. e3 e6 5. Qc2 Nbd7 6. Nc3 Bd6 7. Bd3 O-O 8. Bd2
Re8 9. O-O-O dxc4 10. Bxc4 h6 11. e4 e5 12. dxe5 Nxe5 13. Nxe5 Bxe5 14. Bxh6
Qc7 15. Be3 Bxc3 16. Qxc3 Nxe4 17. Qc2 Qe5 18. Bd4 Qg5+ 19. Kb1 Bf5 20. Ka1 Nd6
21. Bd3 Bxd3 22. Qxd3 Nb5 23. Be3 Qf6 24. Qb3 b6 25. a4 Nd6 26. g4 b5 27. g5
Qf3 28. g6 Re4 29. axb5 cxb5 30. gxf7+ Kf8 31. Kb1 Qf5 32. Rxd6 Rxe3+ 33. Qc2
Qxc2+ 34. Kxc2 Re2+ 35. Rd2 Rc8+ 36. Kd1 Rxd2+ 37. Kxd2 Kxf7 38. Ra1 Rc7 39.
Ra5 b4 40. Rb5 a5 41. Rxa5 b3 42. Rf5+ Kg6 43. Rb5 Rc2+ 44. Ke3 Rxb2 45. Rb6+
1-0

[Event "Gibraltar ChallWk2 12th"]
[Site "Gibraltar"]
[Date "2014.02.03"]
[Round "3.40"]
[White "Bucknell, Malcolm Gordon"]
[Black "Oliveira, Maria Alice Ramos M"]
[Result "1-0"]
[WhiteElo "1947"]
[BlackElo "1487"]
[PlyCount "113"]
[EventDate "2014.02.01"]
[EventType "swiss"]
[EventRounds "5"]
[EventCountry "GGB"]
[SourceTitle "BritBase"]
[Source "www.saund.co.uk"]
[SourceDate "2018.02.10"]
[SourceVersion "1"]
[SourceVersionDate "2018.02.10"]
[SourceQuality "1"]

1. b3 e5 2. Bb2 d6 3. e3 Nf6 4. Ne2 g6 5. d4 Nbd7 6. g3 Bg7 7. Bg2 O-O 8. O-O
c6 9. Nd2 Nh5 10. dxe5 Nxe5 11. Qc1 Be6 12. Nd4 Qe7 13. Nxe6 fxe6 14. f4 Ng4
15. Re1 Nhf6 16. a4 Rae8 17. a5 Qc7 18. Nc4 Nh6 19. e4 e5 20. fxe5 dxe5 21. Ba3
c5 22. h3 Rd8 23. Qe3 b6 24. Bb2 Nf7 25. Na3 Bh6 26. Qe2 Rd2 27. Qc4 Kg7 28.
Nb5 Qb7 29. a6 Qe7 30. Bc1 Rdd8 31. Bxh6+ Kxh6 32. Qe2 Kg7 33. Rf1 Nd6 34. Nc3
Nd7 35. Kh2 Rxf1 36. Rxf1 Rf8 37. Nd5 Qe6 38. Rd1 Nf6 39. Nxf6 Rxf6 40. h4 Qe7
41. Rd5 Nf7 42. Qg4 Rd6 43. Qd1 Qd7 44. Bh3 Qd8 45. Be6 Rxd5 46. Bxd5 Qd7 47.
Qf3 Nd6 48. Kg2 Qe7 49. Qc3 Nb5 50. Qd3 Nd6 51. c3 Qf6 52. b4 cxb4 53. cxb4 Qd8
54. Qc3 Kf6 55. Qc6 Ke7 56. Bb3 Qc8 57. Qd5 1-0

[Event "Gibraltar ChallWk2 12th"]
[Site "Gibraltar"]
[Date "2014.02.04"]
[Round "4.2"]
[White "Rudd, Jack"]
[Black "Nicolas Zapata, Irene"]
[Result "0-1"]
[WhiteElo "2206"]
[BlackElo "2249"]
[PlyCount "58"]
[EventDate "2014.02.01"]
[EventType "swiss"]
[EventRounds "5"]
[EventCountry "GGB"]
[SourceTitle "BritBase"]
[Source "www.saund.co.uk"]
[SourceDate "2018.02.10"]
[SourceVersion "1"]
[SourceVersionDate "2018.02.10"]
[SourceQuality "1"]
[WhiteClock "1:12:55"]
[BlackClock "0:48:49"]

1. e4 c5 2. Nf3 d6 3. d4 cxd4 4. Nxd4 Nf6 5. Nc3 g6 6. Be3 Bg7 7. Be2 O-O 8. f4
Nc6 9. Nb3 Be6 10. g4 Rc8 11. f5 Bd7 12. g5 Nxe4 13. Nxe4 Bxf5 14. Ng3 Nb4 15.
c3 Nc2+ 16. Kd2 Nxa1 17. Qxa1 Bh3 18. Bxa7 e5 19. Be3 d5 20. Bd3 f5 21. gxf6
Qxf6 22. Kc2 Rfd8 23. Qg1 d4 24. Ne4 Qc6 25. Bg5 Bf5 26. Qg2 dxc3 27. Bxd8 Rxd8
28. Nbc5 Rxd3 29. Kxd3 Qxc5 0-1

[Event "Gibraltar ChallWk2 12th"]
[Site "Gibraltar"]
[Date "2014.02.04"]
[Round "4.15"]
[White "Oliveira, Maria Ines"]
[Black "Nicolas Zapata, Javier"]
[Result "0-1"]
[WhiteElo "1976"]
[BlackElo "2123"]
[PlyCount "202"]
[EventDate "2014.02.01"]
[EventType "swiss"]
[EventRounds "5"]
[EventCountry "GGB"]
[SourceTitle "BritBase"]
[Source "www.saund.co.uk"]
[SourceDate "2018.02.10"]
[SourceVersion "1"]
[SourceVersionDate "2018.02.10"]
[SourceQuality "1"]
[WhiteClock "0:00:16"]
[BlackClock "0:00:28"]

1. e4 c5 2. Nf3 e6 3. d4 cxd4 4. Nxd4 Nf6 5. Nc3 d6 6. g3 Bd7 7. Bg2 Nc6 8. Be3
Be7 9. O-O O-O 10. Qe2 Nxd4 11. Bxd4 Bc6 12. Rad1 Qb8 13. a4 a6 14. a5 Bd8 15.
b4 Be7 16. f4 e5 17. Be3 exf4 18. Bxf4 Re8 19. Nd5 Bxd5 20. exd5 Bd8 21. Qd2 b6
22. c4 bxa5 23. c5 Bc7 24. cxd6 Bxd6 25. bxa5 Ne4 26. Bxe4 Rxe4 27. Qc2 Re7 28.
Bxd6 Qxd6 29. Qc6 Rd8 30. Qxd6 Rxd6 31. Rf4 Kf8 32. Kf2 Rb7 33. Rc4 Rb2+ 34.
Kg1 Rb5 35. Rc6 Rxc6 36. dxc6 Rc5 37. Rd6 Ke7 38. Rd7+ Ke6 39. Rc7 Rxa5 40. Ra7
Ra1+ 41. Kg2 a5 42. c7 Rc1 43. Rxa5 Rc2+ 44. Kf3 Rxc7 45. h3 Rc3+ 46. Kg2 f5
47. h4 Rc6 48. Rb5 Kf6 49. Kf3 Kg6 50. Kf4 Rc4+ 51. Kf3 Ra4 52. Rc5 Rg4 53. Ra5
h5 54. Ra6+ Kh7 55. Ra5 g6 56. Rb5 f4 57. gxf4 Rxh4 58. Kg3 Rh1 59. Rb6 Ra1 60.
Rc6 Ra3+ 61. Kh4 Ra5 62. Rb6 Rf5 63. Kg3 Kg7 64. Ra6 Rf7 65. Rb6 Re7 66. Ra6
Kf7 67. Rb6 Re6 68. Rb7+ Kf6 69. Rb5 Ra6 70. Rc5 Rb6 71. Ra5 Rd6 72. Rb5 Ke6
73. Ra5 Rd5 74. Ra8 Rd3+ 75. Kg2 Kf5 76. Ra5+ Kxf4 77. Ra4+ Kg5 78. Ra5+ Kh6
79. Ra6 h4 80. Ra5 g5 81. Rb5 Kh5 82. Ra5 h3+ 83. Kh2 Kh4 84. Ra4+ g4 85. Rb4
Rd2+ 86. Kh1 Re2 87. Ra4 Kg3 88. Ra3+ Kf4 89. Ra4+ Kf3 90. Ra3+ Re3 91. Ra1 Kf2
92. Kh2 Re1 93. Ra2+ Re2 94. Ra1 Kf3+ 95. Kh1 g3 96. Rf1+ Rf2 97. Ra1 g2+ 98.
Kh2 Rf1 99. Ra3+ Ke4 100. Ra4+ Kd5 101. Rg4 Rh1+ 0-1

[Event "Gibraltar ChallWk2 12th"]
[Site "Gibraltar"]
[Date "2014.02.04"]
[Round "4.16"]
[White "Othman, Mustapha"]
[Black "Mihajlov, Svetoslav"]
[Result "0-1"]
[WhiteElo "1897"]
[BlackElo "2127"]
[PlyCount "66"]
[EventDate "2014.02.01"]
[EventType "swiss"]
[EventRounds "5"]
[EventCountry "GGB"]
[SourceTitle "BritBase"]
[Source "www.saund.co.uk"]
[SourceDate "2018.02.10"]
[SourceVersion "1"]
[SourceVersionDate "2018.02.10"]
[SourceQuality "1"]

1. e4 c5 2. Nf3 Nc6 3. d4 cxd4 4. Nxd4 e6 5. Nc3 Qc7 6. Ndb5 Qb8 7. a4 a6 8.
Nd4 Nf6 9. Be3 Bb4 10. Bd3 d5 11. O-O Bxc3 12. bxc3 dxe4 13. Nxc6 bxc6 14. Bc4
O-O 15. Rb1 Qe5 16. Rb6 Qc7 17. Rb1 c5 18. f4 Bb7 19. f5 Bd5 20. Be2 Rfd8 21.
Qe1 Nd7 22. f6 gxf6 23. Bf4 e5 24. Bh6 Kh8 25. Qh4 Rg8 26. Rbd1 Qc6 27. c4 Be6
28. Rxd7 Bxd7 29. Rxf6 Be6 30. Bh5 Qd7 31. Rf2 Qd8 32. Qxe4 Qd4 33. Qb7 Rab8
0-1

[Event "Gibraltar ChallWk2 12th"]
[Site "Gibraltar"]
[Date "2014.02.04"]
[Round "4.18"]
[White "Bird, Andrew"]
[Black "Isherwood, Paul"]
[Result "1-0"]
[WhiteElo "2173"]
[BlackElo "2009"]
[PlyCount "55"]
[EventDate "2014.02.01"]
[EventType "swiss"]
[EventRounds "5"]
[EventCountry "GGB"]
[SourceTitle "BritBase"]
[Source "www.saund.co.uk"]
[SourceDate "2018.02.10"]
[SourceVersion "1"]
[SourceVersionDate "2018.02.10"]
[SourceQuality "1"]

1. Nf3 d6 2. d4 Nf6 3. c4 Nbd7 4. Nc3 e5 5. g3 c6 6. Bg2 Be7 7. O-O O-O 8. e4
a6 9. a4 Re8 10. h3 Bf8 11. Be3 exd4 12. Nxd4 Ne5 13. b3 Ned7 14. Qc2 g6 15.
Rad1 d5 16. exd5 c5 17. Nf3 Bd6 18. Bg5 Qc7 19. Rfe1 Rxe1+ 20. Rxe1 b6 21. Ne4
Nxe4 22. Qxe4 Bb7 23. Qh4 Rf8 24. Bh6 Ra8 25. Bd2 Nf8 26. Bc3 Nd7 27. Ng5 h5
28. g4 1-0

[Event "Gibraltar ChallWk2 12th"]
[Site "Gibraltar"]
[Date "2014.02.04"]
[Round "4.19"]
[White "Allor, Chukwuka"]
[Black "Nyland, Thomas"]
[Result "1/2-1/2"]
[WhiteElo "2138"]
[BlackElo "2047"]
[PlyCount "99"]
[EventDate "2014.02.01"]
[EventType "swiss"]
[EventRounds "5"]
[EventCountry "GGB"]
[SourceTitle "BritBase"]
[Source "www.saund.co.uk"]
[SourceDate "2018.02.10"]
[SourceVersion "1"]
[SourceVersionDate "2018.02.10"]
[SourceQuality "1"]

1. Nf3 d5 2. g3 c5 3. Bg2 Nf6 4. O-O Nc6 5. d4 e6 6. c4 Be7 7. Nc3 O-O 8. cxd5
exd5 9. dxc5 Bxc5 10. b3 a6 11. Bb2 d4 12. Na4 Ba7 13. Rc1 Re8 14. Re1 Bg4 15.
Nc5 Bxc5 16. Rxc5 Qd6 17. Rc4 Be6 18. Rc1 Rad8 19. Qc2 d3 20. Qxd3 Qxd3 21.
exd3 Rxd3 22. Rc3 Red8 23. Rxd3 Rxd3 24. Ng5 Bd5 25. Bxf6 gxf6 26. Nh3 Bxg2 27.
Kxg2 Rd2 28. Nf4 Kg7 29. Re2 Rxe2 30. Nxe2 Kg6 31. Kf3 Kf5 32. h3 b5 33. Ke3
Ke5 34. Nf4 a5 35. a4 bxa4 36. bxa4 Nb4 37. h4 Nd5+ 38. Nxd5 Kxd5 39. Kf4 Kc4
40. Kg4 Kb4 41. Kh5 Kxa4 42. Kh6 Kb5 43. Kxh7 a4 44. h5 a3 45. h6 a2 46. Kg8
a1=Q 47. h7 Qa8+ 48. Kg7 f5 49. h8=Q Qxh8+ 50. Kxh8 1/2-1/2

[Event "Gibraltar ChallWk2 12th"]
[Site "Gibraltar"]
[Date "2014.02.04"]
[Round "4.20"]
[White "Danielsen, Magnus"]
[Black "Erdelyi, Tamas"]
[Result "1/2-1/2"]
[WhiteElo "2032"]
[BlackElo "2132"]
[PlyCount "89"]
[EventDate "2014.02.01"]
[EventType "swiss"]
[EventRounds "5"]
[EventCountry "GGB"]
[SourceTitle "BritBase"]
[Source "www.saund.co.uk"]
[SourceDate "2018.02.10"]
[SourceVersion "1"]
[SourceVersionDate "2018.02.10"]
[SourceQuality "1"]

1. e4 c5 2. Nc3 a6 3. a4 e6 4. f4 d5 5. e5 g5 6. Nf3 gxf4 7. d3 Ne7 8. Bxf4 Ng6
9. g3 Nc6 10. Qe2 Qc7 11. Kf2 Nd4 12. Nxd4 cxd4 13. Na2 Bg7 14. Re1 O-O 15. Bh3
f6 16. exf6 Nxf4 17. gxf4 Qxf4+ 18. Kg2 Rxf6 19. Rhf1 Rg6+ 20. Kh1 Qc7 21. Rg1
Rxg1+ 22. Kxg1 e5 23. Bg2 Be6 24. c3 dxc3 25. Nxc3 Rd8 26. Rf1 Qc5+ 27. Kh1 b5
28. axb5 axb5 29. Nd1 Rf8 30. Rxf8+ Qxf8 31. h3 Qc5 32. Ne3 d4 33. Nd1 Bf7 34.
Qd2 b4 35. Nf2 Qb6 36. Ne4 Bh6 37. Qe1 Bf4 38. Qh4 Qc7 39. Bf1 Bg6 40. Qf6
Bxe4+ 41. dxe4 d3 42. Qe6+ Kg7 43. Qg4+ Kh8 44. Qf5 Kg7 45. Qg4+ 1/2-1/2

[Event "Gibraltar ChallWk2 12th"]
[Site "Gibraltar"]
[Date "2014.02.04"]
[Round "4.21"]
[White "Jameson, David"]
[Black "Jacobsen, Fredrik Beer"]
[Result "1-0"]
[WhiteElo "2128"]
[BlackElo "1991"]
[PlyCount "111"]
[EventDate "2014.02.01"]
[EventType "swiss"]
[EventRounds "5"]
[EventCountry "GGB"]
[SourceTitle "BritBase"]
[Source "www.saund.co.uk"]
[SourceDate "2018.02.10"]
[SourceVersion "1"]
[SourceVersionDate "2018.02.10"]
[SourceQuality "1"]

1. c4 Nf6 2. Nc3 e5 3. g3 d5 4. cxd5 Nxd5 5. Bg2 Nb6 6. d3 Be7 7. Nf3 Nc6 8.
O-O O-O 9. a3 a5 10. Be3 Be6 11. Rc1 f6 12. Ne4 Nd5 13. Bc5 Rb8 14. Bxe7 Qxe7
15. Nc5 Nd8 16. Nxe6 Qxe6 17. Qb3 Kh8 18. Qb5 Nc6 19. Ng5 Qf5 20. Nf3 Nde7 21.
Rfd1 Rfd8 22. Rc5 Rd6 23. Rdc1 Qe6 24. Qc4 Qd7 25. Qc2 g5 26. h3 h5 27. Qd2 Kg7
28. R5c4 Rc8 29. b4 axb4 30. axb4 Nd8 31. Nxg5 fxg5 32. Qxg5+ Ng6 33. Qxh5 c6
34. Rg4 Rf6 35. Be4 Qd6 36. f4 Nf7 37. f5 Rh8 38. Qxg6+ Rxg6 39. Rxg6+ Qxg6 40.
fxg6 Ng5 41. h4 Nxe4 42. dxe4 Kxg6 43. Rc5 Kf6 44. b5 Rc8 45. bxc6 bxc6 46. Kg2
Ke6 47. g4 Kd6 48. Rc4 c5 49. Kg3 Rb8 50. g5 Rb4 51. g6 Ke6 52. Rxc5 Rxe4 53.
g7 Kf7 54. h5 Rxe2 55. h6 Re3+ 56. Kf2 1-0